[Event "Wch Rapid"]
[Site "Doha"]
[Date "2016.12.28"]
[Round "15"]
[White "Fressinet, Laurent"]
[Black "Maghsoodloo, Parham"]
[Result "1-0"]
[WhiteElo "2672"]
[BlackElo "2584"]
[PlyCount "97"]
[EventDate "2016.12.26"]
[EventType "swiss (rapid)"]
[EventRounds "15"]
[EventCountry "QAT"]
[SourceTitle "CBM 176"]
[Source "ChessBase"]
[SourceDate "2017.01.17"]
[SourceVersion "1"]
[SourceVersionDate "2017.01.17"]
[SourceQuality "1"]

1. Nf3 Nf6 2. g3 b5 3. Na3 a6 4. c4 b4 5. Nc2 e6 6. Bg2 Bb7 7. O-O c5 8. a3 bxa3 9. b3 Be7 10. Bxa3 O-O 11. d4 cxd4 12. Ncxd4 Bxa3 13. Rxa3 Qe7 $146 ({RR} 13... a5 14. Qc2 Na6 15. Rfa1 Nb4 16. Qd1 Qb6 17. Nc2 Ne4 18. e3 Nc5 19. Nfd4 Bxg2 20. Kxg2 Rfb8 21. Nxb4 Qxb4 22. Nb5 d5 23. Qc2 Rb7 24. Nd4 dxc4 25. Qxc4 Qxc4 26. bxc4 a4 27. Nb5 Kf8 28. h4 {Malakhov,V (2648)-Yoo,C (2595) chess.com INT 2024 0-1 (60)}) ({RR} 13... a5 14. Qc2 Na6 15. Rfa1 Nb4 16. Qd1 Qb6 17. Nc2 Ne4 18. e3 Nc5 19. Nfd4 Bxg2 20. Kxg2 Rfb8 21. Nxb4 Qxb4 22. Nb5 d5 23. Qc2 Rb7 24. Nd4 dxc4 25. Qxc4 Qxc4 26. bxc4 a4 27. Nb5 Kf8 28. h4 {Malakhov,V (2648)-Yoo,C (2595) chess.com INT 2024 0-1 (60)}) 14. Qa1 d5 15. Ne5 dxc4 16. bxc4 Bxg2 17. Kxg2 Rc8 18. Rb1 Qc7 19. Ndf3 Ne4 20. Ra5 Nc5 21. Qa3 f6 22. Nd3 Nbd7 23. Ra1 Rab8 24. Nb4 Rb6 25. Nxa6 Nxa6 26. Rxa6 Rxa6 27. Qxa6 Qxc4 28. Qd6 Nf8 29. Ra7 Qc5 30. Qa6 Rd8 31. e4 g5 32. h3 h5 33. Qa1 g4 34. hxg4 hxg4 35. Nh2 Qh5 36. Ra5 Qh3+ 37. Kg1 Ng6 38. Ra8 Rxa8 39. Qxa8+ Kf7 40. Qb7+ Ne7 41. Nf1 Qh5 42. Ne3 Qg6 43. Nc4 Qg5 44. Nd6+ Kf8 45. Qd7 f5 46. Qe8+ Kg7 47. Qf7+ Kh6 48. Qxe6+ Kh5 49. Qf7+ 1-0

[Event "Wch Blitz"]
[Site "Doha"]
[Date "2016.12.29"]
[Round "3"]
[White "Radjabov, Teimour"]
[Black "Bok, Benjamin"]
[Result "1-0"]
[WhiteElo "2710"]
[BlackElo "2598"]
[PlyCount "125"]
[EventDate "2016.12.29"]
[EventType "swiss (blitz)"]
[EventRounds "21"]
[EventCountry "QAT"]
[SourceTitle "CBM 176 Extra"]
[Source "ChessBase"]
[SourceDate "2017.03.02"]
[SourceVersion "1"]
[SourceVersionDate "2017.03.02"]
[SourceQuality "1"]

1. Nf3 c5 2. g3 g6 3. Bg2 Bg7 4. c3 e5 5. d3 Ne7 6. O-O O-O 7. a3 d5 8. e4 Nbc6 9. Re1 $146 ({RR} 9. b4 b6 10. Ra2 cxb4 11. axb4 Bb7 12. b5 Nb8 13. Ba3 Re8 14. exd5 Nxd5 15. Re2 Nd7 16. c4 Nc7 17. Rfe1 a6 18. bxa6 Rxa6 19. Bd6 Qa8 20. Nbd2 Ne6 21. Qb3 Bh6 22. Qb5 Bxd2 23. Nxd2 Bxg2 {Moen,O (2325)-Hansen,C (2505) Gausdal 1985 0-1}) ({RR} 9. b4 dxe4 10. dxe4 Qc7 11. Be3 Rd8 12. Nbd2 cxb4 13. axb4 b6 14. Re1 h6 15. Bf1 Be6 16. Qa4 a5 17. b5 Nb8 18. Bc4 Bxc4 19. Qxc4 Qb7 20. Qa2 Nd7 21. Nc4 Qc7 22. Red1 Nc5 23. h4 Rac8 {Zvjaginsev,V (2614)-Gabuzyan,H (2590) Tornelo INT 2021 1-0 (74)}) ({RR} 9. b4 dxe4 10. dxe4 Be6 11. Be3 cxb4 12. axb4 b6 13. Na3 h6 14. Qc1 Kh7 15. Rd1 Qc7 16. Nb5 Qb8 17. Qb2 a5 18. Na3 axb4 19. cxb4 Rd8 20. Rxd8 Qxd8 21. Nc2 Rxa1+ 22. Qxa1 Nc8 23. Bf1 Qd6 {Marin Ferragut,P (2211)-Giaccio,A (2333) Alicante ESP 2024 ½-½ (33)}) ({RR} 9. Nbd2 d4 10. Qc2 h6 11. a4 Be6 12. Nc4 a6 13. Rd1 b5 14. axb5 axb5 15. Rxa8 Qxa8 16. Ncd2 Rc8 17. c4 Nb4 18. Qb1 Rc7 19. b3 Na2 20. Bb2 Nc6 21. cxb5 Ncb4 22. b6 Rb7 23. Nc4 Bxc4 {Schmidt,O-Ferlan,I Germany South 1985 0-1 (34)}) 9... h6 10. b4 dxe4 11. dxe4 Be6 12. Be3 c4 13. a4 Qxd1 14. Rxd1 f5 15. Na3 f4 16. Bc5 b6 17. Bxe7 Nxe7 18. Nd2 Rac8 19. Bf1 fxg3 20. hxg3 Kh7 21. Ndxc4 Rfd8 22. Rxd8 Rxd8 23. Ne3 h5 24. Bc4 Bc8 25. Rd1 Rxd1+ 26. Nxd1 Bg4 27. Ne3 Bf3 28. Bd3 Ng8 29. Nac4 Nf6 30. Nd2 Bg4 31. Nxg4 Nxg4 32. Kg2 Kg8 33. Nc4 Bh6 34. Be2 Nf6 35. f3 Nd7 36. Kf2 Kf8 37. Bf1 g5 38. Bh3 g4 39. fxg4 Nf6 40. Kf3 hxg4+ 41. Bxg4 Ke7 42. Bf5 Bc1 43. g4 Ne8 44. Nxe5 Bd2 45. Nc6+ Kf6 46. e5+ Kg5 47. Bd7 Nc7 48. Ke4 Bxc3 49. b5 a6 50. Kd3 Bb2 51. Kc4 axb5+ 52. axb5 Kg6 53. Bf5+ Kf7 54. g5 Ba3 55. Nb8 Bb2 56. Nd7 Ke7 57. g6 Ba1 58. Nxb6 Bxe5 59. Nd5+ Kd6 60. Nxc7 Kxc7 61. Kd5 Bc3 62. Ke6 Kb6 63. Bd3 1-0

[Event "Wch Blitz"]
[Site "Doha"]
[Date "2016.12.29"]
[Round "6"]
[White "Mareco, Sandro"]
[Black "Henriquez Villagra, Cristobal"]
[Result "1-0"]
[WhiteElo "2635"]
[BlackElo "2517"]
[PlyCount "97"]
[EventDate "2016.12.29"]
[EventType "swiss (blitz)"]
[EventRounds "21"]
[EventCountry "QAT"]
[SourceTitle "CBM 176 Extra"]
[Source "ChessBase"]
[SourceDate "2017.03.02"]
[SourceVersion "1"]
[SourceVersionDate "2017.03.02"]
[SourceQuality "1"]

1. Nf3 d5 2. c4 d4 3. b4 g6 4. Bb2 Bg7 5. g3 e5 6. d3 Ne7 7. Bg2 O-O 8. O-O a5 9. b5 c5 10. bxc6 Nexc6 11. Na3 Na6 12. Nd2 Bg4 13. Nb5 Qd7 14. Re1 $146 ({RR} 14. Ba3 Nab4 15. Bxb4 axb4 16. Re1 Ra6 17. Qb3 Rfa8 18. Ne4 Qe7 19. e3 dxe3 20. fxe3 Be6 21. Nd2 Na7 22. Nxa7 R8xa7 23. Qc2 b5 24. cxb5 Rxa2 25. Rxa2 Rxa2 26. Qc1 Qd8 27. Bc6 Qxd3 28. Ne4 b3 {Norwood,D (2525)-Yermolinsky,A (2560) Philadelphia 1995 0-1 (33)}) 14... Nc5 15. Ba3 Nb4 16. Qb1 Nca6 17. Nb3 b6 18. Bxa8 Rxa8 19. Bxb4 Nxb4 20. Nd2 f5 21. Qb3 Kh8 22. Na3 Qc6 23. Nc2 Bh3 24. f3 Nxc2 25. Qxc2 Bh6 26. Rab1 Re8 27. Rb5 e4 28. dxe4 Be3+ 29. Kh1 fxe4 30. Nxe4 Bf5 31. Rd5 b5 32. Rb1 bxc4 33. Rbb5 Bxe4 34. fxe4 Qf6 35. Qb1 Kg7 36. Rd7+ Kh6 37. Rbb7 Rh8 38. Rf7 Qc6 39. Rbe7 c3 40. Qf1 Qc8 41. Qf6 Bg5 42. Qg7+ Kh5 43. Re5 h6 44. Rf6 Rg8 45. Qe7 c2 46. Rxg5+ hxg5 47. Qh7+ Kg4 48. h3+ Kxg3 49. Rf3# 1-0

[Event "Wch Blitz"]
[Site "Doha"]
[Date "2016.12.29"]
[Round "10"]
[White "Cheparinov, Ivan"]
[Black "Mchedlishvili, Mikheil"]
[Result "1-0"]
[WhiteElo "2689"]
[BlackElo "2601"]
[PlyCount "129"]
[EventDate "2016.12.29"]
[EventType "swiss (blitz)"]
[EventRounds "21"]
[EventCountry "QAT"]
[SourceTitle "CBM 176 Extra"]
[Source "ChessBase"]
[SourceDate "2017.03.02"]
[SourceVersion "1"]
[SourceVersionDate "2017.03.02"]
[SourceQuality "1"]

1. Nf3 Nf6 2. b3 d5 3. Bb2 Bg4 4. e3 Nbd7 5. h3 Bxf3 6. Qxf3 c6 7. d3 e5 8. Nd2 Bd6 9. g3 Qe7 10. a3 O-O 11. Bg2 Rfe8 $146 ({RR} 11... a5 12. O-O Rfe8 13. e4 d4 14. Qe2 a4 15. b4 b5 16. f4 c5 17. bxc5 Bxc5 18. Qf2 Rac8 19. Kh1 Bd6 20. Nf3 Nh5 21. Bc1 Kh8 22. Nh2 Rc6 23. Bf3 Ndf6 24. Bd2 Qc7 25. Ng4 Nxg4 26. hxg4 {Balashov,Y (2540)-Luther,T (2410) Uzhgorod 1988 1-0 (40)}) 12. O-O Rad8 13. Qe2 Nc5 14. Rfe1 Ne6 15. b4 Bc7 16. c4 Qd7 17. Red1 d4 18. e4 g6 19. h4 Qe7 20. Bh3 a5 21. c5 Nh5 22. Qf3 Rf8 23. Nc4 Neg7 24. Re1 Ra8 25. Kh1 Ra7 26. Qe2 Rfa8 27. Kg2 Ne6 28. Kg1 Nhg7 29. Qc2 Qd8 30. Qb3 axb4 31. axb4 Rxa1 32. Bxa1 Ra7 33. Bb2 Qe8 34. Rc1 h5 35. Qd1 Qa8 36. Ra1 Rxa1 37. Qxa1 Qxa1+ 38. Bxa1 f5 39. Bb2 Kf7 40. Bg2 Kf6 41. Bf3 f4 42. Ba3 g5 43. Bd1 g4 44. Ba4 fxg3 45. fxg3 Ke7 46. b5 Kd7 47. b6 Bb8 48. Na5 Kc8 49. Nxc6 bxc6 50. Bxc6 Nd8 51. Bd5 Nb7 52. c6 Nd6 53. Kf2 Nge8 54. c7 Nxc7 55. bxc7 Kxc7 56. Bxd6+ Kxd6 57. Bf7 Ke7 58. Bxh5 Bd6 59. Bxg4 Kf6 60. Bc8 Bb4 61. g4 Kg6 62. Bf5+ Kg7 63. g5 Bd2 64. Kg3 Bxg5 65. hxg5 1-0

[Event "Wch Blitz"]
[Site "Doha"]
[Date "2016.12.29"]
[Round "11"]
[White "Ivanchuk, Vassily"]
[Black "Korobov, Anton"]
[Result "1-0"]
[WhiteElo "2747"]
[BlackElo "2692"]
[PlyCount "55"]
[EventDate "2016.12.29"]
[EventType "swiss (blitz)"]
[EventRounds "21"]
[EventCountry "QAT"]
[SourceTitle "CBM 176 Extra"]
[Source "ChessBase"]
[SourceDate "2017.03.02"]
[SourceVersion "1"]
[SourceVersionDate "2017.03.02"]
[SourceQuality "1"]

1. e4 e6 2. d3 d5 3. Nd2 c5 4. Ngf3 Nc6 5. g3 Bd6 6. Bg2 Nge7 7. O-O O-O 8. Re1 Bc7 9. c3 b6 10. a3 ({RR} 10. Qc2 a5 11. a4 Ba6 12. Bf1 Qd7 13. h4 Rad8 14. Nh2 f5 15. exd5 Nxd5 16. Nc4 e5 17. Nf3 f4 18. Ncxe5 Nxe5 19. Nxe5 Bxe5 20. Rxe5 fxg3 21. fxg3 Rxf1+ 22. Kxf1 Nb4 23. Qg2 Nxd3 24. Re2 Bb7 {Blanco Barros,J (1941)-Barlov,D (2351) Vecindario ESP 2025 0-1}) 10... a5 11. a4 Ba6 12. Qc2 $146 ({RR} 12. Bf1 Qd7 13. Qc2 Rad8 14. Ng5 h6 15. Ngf3 Ng6 16. Be2 f5 17. exd5 exd5 18. Bf1 Rf6 19. Bh3 Nge5 20. d4 cxd4 21. cxd4 Nd3 22. Re3 g5 23. Bf1 Ndb4 24. Qd1 Bxf1 25. Nxf1 f4 26. Rc3 fxg3 {Okhotnik,V (2449)-Tonon,A (2248) Udine 2009 0-1 (44)}) ({RR} 12. exd5 Nxd5 13. Nc4 Qd7 14. Qe2 h6 15. Bd2 Rad8 16. Rad1 Nce7 17. b3 Nc6 18. Nfe5 Nxe5 19. Nxe5 Bxe5 20. Qxe5 Ne7 21. d4 c4 22. Bf1 Qc6 23. Bg2 Qd7 24. Bf1 Rc8 25. Rb1 Nd5 26. Re4 Rfe8 {Hamdouchi,H (2627)-Edouard,R (2652) Pau 2012 0-1 (58)}) 12... Ng6 13. exd5 exd5 14. Nb3 Nce5 15. Nxe5 Nxe5 16. Rd1 Rc8 17. d4 Nd3 18. Rxd3 Bxd3 19. Qxd3 c4 20. Qf5 cxb3 21. Bxd5 g6 22. Qf3 Kg7 23. Bxb3 Bd6 24. h4 h5 25. Bg5 Be7 26. Be3 Bf6 27. Qf4 Kg8 28. Qh6 1-0

[Event "Wch Blitz"]
[Site "Doha"]
[Date "2016.12.29"]
[Round "12"]
[White "Amin, Bassem"]
[Black "Flores, Diego"]
[Result "1-0"]
[WhiteElo "2662"]
[BlackElo "2579"]
[PlyCount "69"]
[EventDate "2016.12.29"]
[EventType "swiss (blitz)"]
[EventRounds "21"]
[EventCountry "QAT"]
[SourceTitle "CBM 176 Extra"]
[Source "ChessBase"]
[SourceDate "2017.03.02"]
[SourceVersion "1"]
[SourceVersionDate "2017.03.02"]
[SourceQuality "1"]

1. e4 d6 2. Nf3 Nf6 3. d3 c5 4. g3 Nc6 5. Bg2 g6 6. O-O Bg7 7. Re1 O-O 8. c3 Bg4 9. h3 Bxf3 10. Qxf3 Rb8 11. Be3 Nd7 12. Rd1 b5 13. a3 a5 14. d4 $146 ({RR} 14. Qe2 Qc7 15. d4 b4 16. d5 Na7 17. axb4 axb4 18. c4 Nc8 19. h4 Ncb6 20. Bg5 Ra8 21. Rxa8 Rxa8 22. b3 Bf6 23. f4 Ra1 24. Kh2 Qa7 25. Bxf6 exf6 26. Nd2 Ra2 27. Qd3 Qa3 28. Bf1 Qb2 {Amin,B (2650)-Zhou,J (2572) Kazan 2013 ½-½ (80)}) 14... cxd4 15. cxd4 Nb6 16. e5 d5 17. Nc3 e6 18. Nxb5 Nc4 19. a4 Nxb2 20. Rdc1 Nb4 21. Bf1 f6 22. exf6 Bxf6 23. Qg4 Rb6 24. Bf4 Qe8 25. Bc7 Rc6 26. Bd6 Rf7 27. Nc7 Qd7 28. Bxb4 axb4 29. Bb5 Rxc1+ 30. Rxc1 Qd6 31. Ne8 Qe7 32. Rc7 Qf8 33. Qxe6 Bxd4 34. Nd6 Bxf2+ 35. Kg2 1-0

[Event "Wch Blitz"]
[Site "Doha"]
[Date "2016.12.29"]
[Round "12"]
[White "Pantsulaia, Levan"]
[Black "Svane, Rasmus"]
[Result "1-0"]
[WhiteElo "2607"]
[BlackElo "2555"]
[PlyCount "105"]
[EventDate "2016.12.29"]
[EventType "swiss (blitz)"]
[EventRounds "21"]
[EventCountry "QAT"]
[SourceTitle "CBM 176 Extra"]
[Source "ChessBase"]
[SourceDate "2017.03.02"]
[SourceVersion "1"]
[SourceVersionDate "2017.03.02"]
[SourceQuality "1"]

1. Nf3 d5 2. g3 Nf6 3. Bg2 Nbd7 4. c4 dxc4 5. Na3 e5 6. Nxc4 e4 7. Ng5 Nc5 ({RR} 7... Qe7 8. Qc2 Nc5 9. O-O h6 10. Nh3 Bf5 11. b4 Ne6 12. b5 Nd4 13. Qa4 Nxe2+ 14. Kh1 Qb4 15. Qxb4 Bxb4 16. Bb2 O-O-O 17. Rfe1 Nd4 18. Rac1 Nf3 19. Re2 Nxd2 20. Ne3 Bd7 21. Be5 Ne8 22. Nd5 {Ibarra Jerez,J (2570)-Andreikin,D (2729) Chess.com INT 2022 0-1}) 8. Ne5 $146 ({RR} 8. d3 Bg4 9. Nxe4 Nfxe4 10. dxe4 Qxd1+ 11. Kxd1 O-O-O+ 12. Ke1 Be6 13. Nd2 g6 14. e5 Bg7 15. Nf3 Nd7 16. Ng5 Nxe5 17. Nxe6 fxe6 18. Bf4 h6 19. h4 Ng4 20. Rb1 e5 21. Bh3 exf4 22. Bxg4+ Kb8 {Kosten,A (2402)-Pajeken,J (2327) Dublin 2020 ½-½ (44)}) ({RR} 8. d3 Bg4 9. Nxe4 Nfxe4 10. dxe4 Qxd1+ 11. Kxd1 O-O-O+ 12. Ke1 Be6 13. Nd2 g6 14. e5 Bg7 15. Nf3 Nd7 16. Ng5 Nxe5 17. Nxe6 fxe6 18. Bf4 h6 19. h4 Ng4 20. Rb1 e5 21. Bh3 exf4 22. Bxg4+ Kb8 {Kosten,A (2402)-Pajeken,J (2327) Dublin 2020 ½-½ (44)}) 8... Be6 9. Nxe6 fxe6 10. O-O Qd4 11. d3 Qxe5 12. d4 Qf5 13. dxc5 Bxc5 14. Qa4+ c6 15. Qb3 O-O 16. Qxb7 Ng4 17. Be3 Bxe3 18. fxe3 Qc5 19. Qb3 Nxe3 20. Qxe6+ Kh8 21. Rfc1 Qb6 22. Qb3 Nxg2+ 23. Qxb6 axb6 24. Kxg2 c5 25. Rc4 e3 26. Rf4 Rxf4 27. gxf4 Rd8 28. Kf3 Rd2 29. Rb1 Kg8 30. Kxe3 Rd4 31. Rc1 Kf7 32. Rc3 Ke6 33. Rb3 Rd6 34. Ke4 Rd4+ 35. Kf3 Rd6 36. e3 g6 37. Ke4 Rc6 38. Rb5 Rd6 39. a4 Kf6 40. Rb3 Ke6 41. Rd3 Rc6 42. Rd8 c4 43. Rh8 h5 44. Rg8 Kf7 45. Rb8 c3 46. bxc3 Rxc3 47. Rb7+ Kf8 48. Rxb6 Kf7 49. a5 Rc4+ 50. Kd5 Rc3 51. e4 Ra3 52. a6 Ra2 53. Kc6 1-0

[Event "Wch Blitz"]
[Site "Doha"]
[Date "2016.12.30"]
[Round "13"]
[White "Jakovenko, Dmitrij"]
[Black "Nguyen, Ngoc Truong Son"]
[Result "1-0"]
[WhiteElo "2704"]
[BlackElo "2629"]
[PlyCount "83"]
[EventDate "2016.12.29"]
[EventType "swiss (blitz)"]
[EventRounds "21"]
[EventCountry "QAT"]
[SourceTitle "CBM 176 Extra"]
[Source "ChessBase"]
[SourceDate "2017.03.02"]
[SourceVersion "1"]
[SourceVersionDate "2017.03.02"]
[SourceQuality "1"]

1. Nf3 Nf6 2. g3 d5 3. Bg2 c5 4. O-O Nc6 5. c4 d4 6. e3 e5 7. exd4 exd4 8. Re1+ Be7 9. d3 O-O 10. Bf4 ({RR} 10. h3 h6 11. Ne5 Nxe5 12. Rxe5 Bd6 13. Re1 Bd7 14. Na3 a6 15. Bd2 Rb8 16. Rb1 Qc8 17. Kh2 Bf5 18. Qc2 Nd7 19. Rbd1 Re8 20. Rxe8+ Qxe8 21. Re1 Qc8 22. f4 h5 23. Bc1 Nf6 24. Nb1 Qd7 {Rakhmanov,A (2626)-Bacrot,E (2729) Linares 2014 ½-½ (51)}) 10... Bd6 11. Bg5 ({RR} 11. Ne5 Nxe5 12. Bxe5 Re8 13. Bxf6 Rxe1+ 14. Qxe1 Qxf6 15. Qe8+ Bf8 16. Nd2 Qe7 17. Re1 Qc7 18. Bd5 Rb8 19. Qe4 Bd7 20. Nf3 Bc6 21. Ng5 g6 22. Qh4 h6 23. Bxf7+ Kg7 24. Ne6+ {1-0 (24) Muradli,M (2584)-Perossa,N (2244) chess.com INT 2025}) 11... Bf5 $146 ({RR} 11... h6 12. Bxf6 Qxf6 13. Nbd2 Qd8 14. Ne4 Be7 15. a3 Rb8 16. Re2 Bg4 17. h3 Bh5 18. Qa4 Qc7 19. Rae1 Bxf3 20. Bxf3 Ne5 21. Nd2 Bd6 22. Be4 f5 23. Bd5+ Kh8 24. Qc2 f4 25. g4 f3 26. Rxe5 {Mohr,G (2495)-Sax,G (2560) Maribor 1996 0-1 (52)}) ({RR} 11... h6 12. Bxf6 Qxf6 13. Nbd2 Qd8 14. a3 Rb8 15. Qc2 Be6 16. Ne4 Re8 17. Re2 Qd7 18. Rae1 Bf8 19. h3 b5 20. Ned2 a6 21. Ne5 Nxe5 22. Rxe5 Rb6 23. b4 Rc8 24. bxc5 Bxc5 25. Bd5 Bxd5 26. Rxd5 {Milchev,N (2433)-Hernando Rodrigo,J (2329) Platja d'Aro 2013 0-1 (34)}) 12. Nh4 Bd7 13. Nd2 h6 14. Bxf6 gxf6 15. Qh5 Kg7 16. Bxc6 bxc6 17. Ne4 Be6 18. Nxc5 Bxc5 19. Qxc5 Qb6 20. Qxb6 axb6 21. a4 b5 22. cxb5 cxb5 23. a5 b4 24. Nf3 Rfd8 25. Ra4 Bf5 26. Rxb4 Rxa5 27. Nxd4 Bd7 28. Nc2 Bh3 29. d4 Rc8 30. Ne3 Kg6 31. f3 Ra2 32. Kf2 h5 33. d5 Bd7 34. Re2 Ra1 35. Ng2 Rcc1 36. Nf4+ Kh6 37. Rb7 Rf1+ 38. Ke3 Bc8 39. Rxf7 Ra6 40. Ne6 Bxe6 41. Rxf6+ Kg7 42. Rxe6 1-0

[Event "Wch Blitz"]
[Site "Doha"]
[Date "2016.12.30"]
[Round "14"]
[White "Artemiev, Vladislav"]
[Black "Li, Chao B"]
[Result "1-0"]
[WhiteElo "2653"]
[BlackElo "2720"]
[PlyCount "89"]
[EventDate "2016.12.29"]
[EventType "swiss (blitz)"]
[EventRounds "21"]
[EventCountry "QAT"]
[SourceTitle "CBM 176 Extra"]
[Source "ChessBase"]
[SourceDate "2017.03.02"]
[SourceVersion "1"]
[SourceVersionDate "2017.03.02"]
[SourceQuality "1"]

1. b3 Nf6 2. Bb2 g6 3. g3 Bg7 4. Bg2 d5 5. Nf3 c5 6. c4 d4 7. b4 O-O 8. O-O Nc6 9. b5 Na5 10. d3 Qc7 ({RR} 10... Re8 11. Nfd2 e5 12. Nb3 Qc7 13. N1d2 Nxb3 14. axb3 Bf5 15. Ra4 e4 16. dxe4 Nxe4 17. Nxe4 Bxe4 18. Bc1 Bxg2 19. Kxg2 a6 20. bxa6 Qc6+ 21. Kg1 Rxa6 22. Rxa6 Qxa6 23. e3 Qc6 24. exd4 Bxd4 25. Re1 {Rohit,S (2266)-Domin,Y (2222) chess.com INT 2025 0-1 (61)}) 11. Nbd2 e5 12. Ng5 $146 ({RR} 12. e4 b6 13. Nb3 Nb7 14. Nc1 Ne8 15. Ne2 Nbd6 16. Nd2 Bb7 17. f4 f5 18. fxe5 Bxe5 19. Nf3 Bg7 20. Nf4 fxe4 21. Ne6 Qe7 22. Nxf8 exf3 23. Bxf3 Bxf8 24. Bxb7 Qxb7 25. Qg4 Ng7 26. Rae1 Ngf5 {Koneru,H (2586)-Assaubayeva,B (2389) Chess.com INT 2021 0-1 (33)}) ({RR} 12. e4 b6 13. Nb3 Nb7 14. Nc1 Ne8 15. Ne2 Nbd6 16. Nd2 Bb7 17. f4 f5 18. fxe5 Bxe5 19. Nf3 Bg7 20. Nf4 fxe4 21. Ne6 Qe7 22. Nxf8 exf3 23. Bxf3 Bxf8 24. Bxb7 Qxb7 25. Qg4 Ng7 26. Rae1 Ngf5 {Koneru,H (2586)-Assaubayeva,B (2389) Chess.com INT 2021 0-1 (33)}) 12... h6 13. Nge4 Nxe4 14. Nxe4 Be6 15. Nd2 Rae8 16. Nb3 Nxb3 17. axb3 b6 18. b4 cxb4 19. Qa4 Re7 20. Qxb4 Rc8 21. Ra6 Bf8 22. Rfa1 Qd8 23. Qa4 Rcc7 24. Ba3 Red7 25. Bc6 Bg7 26. Bxd7 Qxd7 27. Bb2 e4 28. Rxa7 exd3 29. Rxc7 Qxc7 30. exd3 Bf5 31. Qa8+ Kh7 32. Qd5 Be6 33. Qe4 Bf5 34. Qe2 h5 35. h4 Bg4 36. Qe4 Bf5 37. Qf3 Be5 38. Re1 Qc5 39. Qd5 Qxd5 40. cxd5 Bf6 41. d6 Bd7 42. Re4 Bxb5 43. Bxd4 Bd8 44. Re1 Bxd3 45. Re8 1-0

[Event "Wch Blitz"]
[Site "Doha"]
[Date "2016.12.30"]
[Round "16"]
[White "Adly, Ahmed"]
[Black "Flores, Diego"]
[Result "1-0"]
[WhiteElo "2599"]
[BlackElo "2579"]
[PlyCount "287"]
[EventDate "2016.12.29"]
[EventType "swiss (blitz)"]
[EventRounds "21"]
[EventCountry "QAT"]
[SourceTitle "CBM 176 Extra"]
[Source "ChessBase"]
[SourceDate "2017.03.02"]
[SourceVersion "1"]
[SourceVersionDate "2017.03.02"]
[SourceQuality "1"]

1. Nf3 c5 2. g3 Nc6 3. Bg2 g6 4. O-O Bg7 5. e4 e5 6. c3 Nge7 7. a3 O-O 8. b4 d6 9. d3 h6 10. Nbd2 Be6 11. Nc4 ({RR} 11. Re1 Rc8 12. Bb2 b5 13. Nf1 a5 14. a4 axb4 15. axb5 bxc3 16. Bxc3 Nb4 17. Ne3 Rb8 18. Bxb4 cxb4 19. Qa4 Qd7 20. Qxb4 Rxb5 21. Qd2 Rfb8 22. d4 Rb2 23. Qd1 Bb3 24. Qd3 Qb5 25. Qc3 Ba2 {Svidler,P (2743)-Grischuk,A (2795) Sochi 2014 ½-½ (42)}) ({RR} 11. Nb3 b6 12. b5 Nb8 13. a4 c4 14. dxc4 Bxc4 15. Re1 Qc7 16. Ba3 Rd8 17. Nfd2 Be6 18. Nf1 a6 19. Bb4 axb5 20. axb5 Rxa1 21. Nxa1 Bc4 22. Qa4 Qd7 23. Rd1 Qxb5 24. Qxb5 Bxb5 25. Rxd6 Rxd6 {Amin,B (2667)-Restas,P (2064) Ajka HUN 2024 1-0 (39)}) 11... d5 12. Ncd2 $146 ({RR} 12. Ne3 d4 13. cxd4 exd4 14. Nd5 Nxd5 15. exd5 Bxd5 16. bxc5 Na5 17. Rb1 Re8 18. Bd2 Re7 19. Rb5 Nc6 20. Bf4 a6 21. Rb2 Kh7 22. Bd6 Rd7 23. h4 Bf8 24. Bf4 Bxc5 25. Bxh6 Bxa3 26. Ng5+ Kg8 {Drljevic,L (2175)-Mihajlovic,M (2213) Subotica 2004 1-0 (33)}) 12... d4 13. c4 cxb4 14. axb4 Nxb4 15. Ba3 Nec6 16. Ne1 a5 17. f4 exf4 18. gxf4 f5 19. Kh1 Kh7 20. Qe2 Qd7 21. e5 Rfe8 22. Nb3 b6 23. Bxb4 Nxb4 24. Bxa8 Rxa8 25. Nf3 Nc6 26. Rg1 Bf7 27. Qg2 Rg8 28. Qh3 Bf8 29. Ng5+ Kg7 30. Nxf7 Kxf7 31. Qf3 Bb4 32. Qd5+ Qe6 33. Qf3 Bc3 34. Ra2 Nb4 35. Rag2 Qc6 36. Qxc6 Nxc6 37. Nc1 Bb4 38. Na2 Bc5 39. Rb1 Nd8 40. Rf2 Ne6 41. Nc1 a4 42. Ra1 Ra8 43. Kg2 Bb4 44. Rb1 Bc5 45. h4 Ra6 46. Kf3 Be7 47. Rh2 a3 48. Na2 Bc5 49. Rg2 Be7 50. Rbg1 b5 51. cxb5 Rb6 52. Rb1 Bxh4 53. Rc2 Be7 54. Rc6 Rb8 55. b6 g5 56. fxg5 hxg5 57. b7 g4+ 58. Kg3 Bg5 59. Rf1 Ke7 60. Rxf5 Rxb7 61. Ra6 Rb3 62. Ra7+ Ke8 63. Kxg4 Be7 64. Rf3 Rb2 65. Nc1 Rb1 66. Ne2 Re1 67. Nf4 Rxe5 68. Rxe7+ Kxe7 69. Ng6+ Kd6 70. Nxe5 Kxe5 71. Rf5+ Kd6 72. Ra5 Nc5 73. Rxa3 Kc6 74. Kf3 Kb5 75. Ke2 Kb4 76. Ra1 Nb3 77. Ra8 Kc3 78. Rc8+ Kb2 79. Rc4 Nc1+ 80. Kd1 Nxd3 81. Kd2 Ne5 82. Rc5 Nf3+ 83. Ke2 Ng1+ 84. Kf2 Nh3+ 85. Kf3 Ng1+ 86. Kf2 Nh3+ 87. Ke2 Nf4+ 88. Kd2 Kb3 89. Rf5 Ne6 90. Kd3 Kb4 91. Re5 Nc5+ 92. Kxd4 Nb3+ 93. Kd5 Kb5 94. Re8 Kb4 95. Rc8 Nd2 96. Rc2 Nb3 97. Rc4+ Kb5 98. Rh4 Nd2 99. Rh8 Kb4 100. Rh3 Nb3 101. Rd3 Nc5 102. Rd4+ Kb5 103. Rd1 Nb3 104. Rh1 Kb4 105. Rh3 Nc5 106. Rh4+ Kb5 107. Rh8 Na4 108. Rb8+ Nb6+ 109. Kd6 Ka5 110. Kc6 Na4 111. Rb5+ Ka6 112. Rh5 Nc3 113. Kc5 Na4+ 114. Kc6 Nc3 115. Rg5 Na4 116. Rh5 Nc3 117. Kc5 Na4+ 118. Kb4 Nb6 119. Rh6 Kb7 120. Kb5 Nd5 121. Rh7+ Nc7+ 122. Kc5 Kc8 123. Kd6 Nb5+ 124. Kc6 Nd4+ 125. Kc5 Ne6+ 126. Kd6 Nd4 127. Rh5 Kb8 128. Rd5 Nc2 129. Kc5 Kb7 130. Rd2 Ne3 131. Rd3 Nf5 132. Rd5 Ne3 133. Re5 Ng4 134. Re6 Kc7 135. Re7+ Kd8 136. Rf7 Ne5 137. Rf5 Nd7+ 138. Kd6 Ke8 139. Rf1 Nf8 140. Rf2 Nd7 141. Ra2 Nf6 142. Ke6 Nd7 143. Ra8+ Nb8 144. Rxb8# 1-0

[Event "Wch Blitz"]
[Site "Doha"]
[Date "2016.12.30"]
[Round "16"]
[White "Vachier Lagrave, Maxime"]
[Black "Wojtaszek, Radoslaw"]
[Result "1-0"]
[WhiteElo "2804"]
[BlackElo "2749"]
[PlyCount "93"]
[EventDate "2016.12.29"]
[EventType "swiss (blitz)"]
[EventRounds "21"]
[EventCountry "QAT"]
[SourceTitle "CBM 176 Extra"]
[Source "ChessBase"]
[SourceDate "2017.03.02"]
[SourceVersion "1"]
[SourceVersionDate "2017.03.02"]
[SourceQuality "1"]

1. Nf3 d5 2. g3 c6 3. Bg2 Bg4 4. O-O Nd7 5. h3 Bh5 6. d4 e6 7. c4 Bxf3 ({RR} 7... Be7 8. cxd5 exd5 9. Nc3 Bxf3 10. exf3 Ngf6 11. h4 O-O 12. Bh3 Re8 13. Qd3 Nb6 14. Re1 Bd6 15. Rxe8+ Qxe8 16. Bg5 Nfd7 17. b3 Qf8 18. a4 a5 19. Na2 h6 20. Bd2 Qd8 21. Bc3 Nf8 22. Qd2 {Howell,D (2640)-Sargissian,G (2682) Chess.com INT 2020 ½-½ (81)}) ({RR} 7... Bd6 8. Qb3 Qb6 9. Nc3 Qxb3 10. axb3 a6 11. e4 dxe4 12. Nxe4 Bc7 13. Bf4 Bxf4 14. gxf4 O-O-O 15. c5 Bxf3 16. Nd6+ Kc7 17. Bxf3 Nh6 18. b4 Nf6 19. b5 axb5 20. Ra7 Rxd6 21. cxd6+ Kb6 22. Ra3 {Svane,R (2613)-Wojtaszek,R (2694) Tornelo INT 2021 ½-½ (77)}) 8. Bxf3 Ngf6 $146 ({RR} 8... f5 9. Qb3 Qb6 10. Qe3 Kf7 11. g4 Ngf6 12. gxf5 e5 13. cxd5 cxd5 14. dxe5 Qxe3 15. Bxe3 Nxe5 16. Bg2 Nc4 17. Bd4 Nd6 18. Nc3 Nxf5 19. Bxf6 Kxf6 20. Nxd5+ Kg5 21. Rad1 Bd6 22. Nc3 Rhd8 23. Rd5 {Li,D (2563)-Ahmad,A (2380) Dubai UAE 2024 1-0 (35)}) ({RR} 8... f5 9. Qb3 Qb6 10. Qe3 Kf7 11. g4 Ngf6 12. gxf5 e5 13. cxd5 cxd5 14. dxe5 Qxe3 15. Bxe3 Nxe5 16. Bg2 Nc4 17. Bd4 Nd6 18. Nc3 Nxf5 19. Bxf6 Kxf6 20. Nxd5+ Kg5 21. Rad1 Bd6 22. Nc3 Rhd8 23. Rd5 {Li,D (2563)-Ahmad,A (2380) Dubai UAE 2024 1-0 (35)}) 9. Qb3 Qb6 10. Nc3 Be7 11. Rd1 O-O 12. e3 Rac8 13. Bd2 Qxb3 14. axb3 a6 15. Be2 Rfe8 16. Kg2 g6 17. f4 Bb4 18. Bf3 Nb6 19. Na4 Nxa4 20. Bxb4 Nb6 21. Ba5 Nbd7 22. g4 Ne4 23. Bxe4 dxe4 24. g5 h6 25. h4 f5 26. gxf6 Nxf6 27. Kf2 Ng4+ 28. Ke2 Kf7 29. Bc3 Red8 30. Ra5 h5 31. Rg5 Rd7 32. d5 cxd5 33. cxd5 exd5 34. Rgxd5 Rxd5 35. Rxd5 Rc7 36. f5 gxf5 37. Rxf5+ Ke6 38. Rxh5 Rf7 39. Rg5 Rf2+ 40. Ke1 Rg2 41. Bd4 Rg1+ 42. Kd2 b5 43. b4 Rg2+ 44. Kc3 Rg1 45. Kb3 Rg3 46. h5 Kf7 47. h6 1-0